Countries with a F-5 Tornado - Statistics

General Stats
  • This quiz has been taken 133 times
  • The average score is 5 of 7
Answer Stats
# of F-5 Tornadoes Answer % Correct
67 United States
100%
1 Canada
89%
2 Germany
76%
2 France
75%
1 Australia
66%
1 Italy
62%
1 Argentina
53%
No matching quizzes found
Score Distribution
Percent of People with Each Score
Percentile by Number Answered
Your Score History
You have not taken this quiz